Statistics for LEGO Ninjago: Ninja Suits

Click here to take the quiz!

General Stats

  • This quiz has been taken 81 times
  • The average score is 5 of 16

Answer Stats

#Season:Suit% Correct
2Season 1Dragon eXtreme
56%
3Season 1Kendo
54%
4Season 1Zen eXtreme
47%
1Season 1Training
42%
5Season 1NRG
40%
9Season 4Tournament Robes
33%
6Season 2Elemental Robe
32%
11Season 5Deepstone Armor
23%
14Day of the DepartedHonor Robe
19%
10Season 4Jungle Gi
19%
7Season 3Techno Gi
18%
13Season 5 or 6 (IDK)Destiny Robe
16%
16MovieNinja Force Gi
14%
8Season 3Stone Warrior Armor
14%
12Season 5Airjitzu Gi
12%
15Season 7Fusion Armor
12%

Score Distribution

Percentile by Number Answered

Percent of People with Each Score

Your Score History

You have not taken this quiz